| 000 | 00500nam a2200169 a 4500 | ||
|---|---|---|---|
| 001 | 000055801 | ||
| 005 | 20200120223148.0 | ||
| 008 | 010808s1979 ck 0 gr0 g spa d | ||
| 090 |
_aAC _bLLEr |
||
| 100 | 1 | _aLleras de la Fuente, Fernando | |
| 245 | 1 | 3 |
_aEl riesgo del domingo / _cFernando Lleras de la Fuente. |
| 260 |
_aBogotá : _bCĂrculo de Lectores, _c1979. |
||
| 300 | _a123 p. | ||
| 650 | 1 | 4 | _aLiteratura colombiana |
| 650 | 2 | 4 | _aCuentos colombianos |
| 650 | 2 | 4 | _aVida cotidiana en la literatura |
| 999 |
_c5348 _d5348 |
||